The pilgrimage of tooth/ (Record no. 193351)

MARC details
000 -LEADER
fixed length control field 00622nam a22001937a 4500
005 - DATE AND TIME OF LATEST TRANSACTION
control field 20221025144806.0
010 ## - LCCN (DPL NO)
LC control number ENG-135527
020 ## - INTERNATIONAL STANDARD BOOK NUMBER
Terms of availability 80.00
International Standard Book Number 9385336064
035 ## - SYSTEM CONTROL NUMBER
System control number EN-119059
037 ## - SOURCE OF ACQUISITION
Source of stock number/acquisition DBAD/PUB
082 ## - DEWEY DECIMAL CLASSIFICATION NUMBER
Classification number 882
100 ## - MAIN ENTRY--PERSONAL NAME
Personal name mukherjee, partha sarathi
245 ## - TITLE STATEMENT
Title The pilgrimage of tooth/
Statement of responsibility, etc By partha sarathi mukherjee; Translated by jaganmoy banerjee
260 ## - PUBLICATION, DISTRIBUTION, ETC. (IMPRINT)
Place of publication, distribution, etc calcutta
Date of publication, distribution, etc 2016
Name of publisher, distributor, etc jagatmoy publications
270 ## - ADDRESS
Address A/5, cluster X111, purbachal housing
City calcutta
Postal code 700097
300 ## - PHYSICAL DESCRIPTION
Extent 51p.
Dimensions 21m(pbk)
700 ## - ADDED ENTRY--PERSONAL NAME
Personal name Banerjee, jaganmoy
Relator term translator
942 ## - ADDED ENTRY ELEMENTS (KOHA)
Source of classification or shelving scheme Dewey Decimal Classification
Item type English Books
Call number suffix MUK
Classification part 882
Holdings
Withdrawn status Lost status Not for loan Collection code Home library Current library Date acquired Source of acquisition Cost, normal purchase price Full call number Barcode Copy number Cost, replacement price Koha item type
      Non-fiction Andrews Gunj Andrews Gunj 25/10/2022 DBAD/PUB 80.00 882 MUK EN-119059 1 80.00 English Books

© Delhi Public Library
Hit Counter
free hit counter